书目信息 |
| 题名: |
现代汉语词语例释与辨析
|
|
| 作者: | 哈森 著 | |
| 分册: | ||
| 出版信息: | 呼和浩特 内蒙古人民出版社 1982 |
|
| 页数: | 382页 | |
| 开本: | 19cm | |
| 丛书名: | ||
| 单 册: | ||
| 中图分类: | H136 , H1 | |
| 科图分类: | ||
| 主题词: | 汉语-词汇 , 词汇-汉语 , 汉语 | |
| 电子资源: | ||
| ISBN: | ||
| 000 | 00639nam0 2200253 450 | |
| 001 | 1540977702 | |
| 005 | 20150120162743.20 | |
| 010 | @dCNY1.00 | |
| 091 | @a9089.28 | |
| 100 | @a19950405d1982 emky0chiy0110 ea | |
| 101 | 0 | @achi |
| 102 | @aCN@b150000 | |
| 105 | @ay z 000yy | |
| 200 | 1 | @a现代汉语词语例释与辨析@9xian dai han yu ci yu li shi yu bian xi@f哈森著 |
| 210 | @a呼和浩特@c内蒙古人民出版社@d1982 | |
| 215 | @a382页@d19cm | |
| 606 | 0 | @a汉语-词汇 |
| 606 | 0 | @a词汇-汉语 |
| 606 | 0 | @a汉语 |
| 690 | @aH136@v5 | |
| 690 | @aH1@v4 | |
| 701 | 0 | @a哈森@9ha sen@4著 |
| 801 | 0 | @aCN@bTSSF@c20150120 |
| 905 | @aZUCC@dH1@eJY8 | |
| 现代汉语词语例释与辨析/哈森著.-呼和浩特:内蒙古人民出版社,1982 |
| 382页;19cm |
| ISBN :CNY1.00 |
| ● |
| 相关链接 |
|
|
|
|
正题名:现代汉语词语例释与辨析
索取号:H1/JY8
 
预约/预借
| 序号 | 登录号 | 条形码 | 馆藏地/架位号 | 状态 | 备注 |
| 1 | 7842154 | 278421548 | 学院路分馆/ [索取号:H1/JY8] | 在馆 | |
| 2 | 7842155 | 278421557 | 学院路分馆/ [索取号:H1/JY8] | 在馆 |